| 000 | 00650nam a22001937a 4500 | ||
|---|---|---|---|
| 999 |
_c831 _d831 |
||
| 003 | AR-CdUCM | ||
| 008 | 190225b ||||| |||| 00| 0 spa d | ||
| 040 |
_aMUNICIPALIDAD PROVINCIAL DEL CUSCO _cBIBLIOTECA MUNICIPAL DEL CUSCO |
||
| 082 |
_a869.56 / _bG26 |
||
| 100 |
_aGarrido Malaver, Julio _92596 |
||
| 245 |
_aDe la vida cotidiana : _bCuentos dos / _cGarrido Malaver, Julio |
||
| 300 |
_a52 páginas : _c25cm. |
||
| 505 | _aNosotros -- Mi perro -- Como para el lienzo -- El mas extraño juego -- La graniza... | ||
| 650 |
_aCuentos _9312 |
||
| 650 |
_aHistorias _9862 |
||
| 650 |
_aPerú _935 |
||
| 942 |
_2ddc _cLIBROS |
||
| 945 |
_apjha _d2019-02-25 |
||